| 000 | 00375nam a22001337a 4500 | ||
|---|---|---|---|
| 020 | _a9788172234980 | ||
| 040 | _cNUST | ||
| 082 |
_221st _a869.3 _bCOE |
||
| 100 |
_aCoelho, Panlo _9129316 |
||
| 245 |
_aThe Alchemist / _cPanlo Coelho. |
||
| 260 |
_aLondon: _bHaper Collins Publisher, _c2019. |
||
| 300 |
_axiv, 161 p. : _c25 cm. |
||
| 942 |
_2ddc _cBK _h869.3 |
||
| 999 |
_c614021 _d614021 |
||